000 006000000a22001090004500
100 1 _aValencia Rincón, Juan Carlos
245 1 0 _aLibélula blues : X Festival musical en la Libélula Dorada
300 _aVol.0, núm.20 (Mayo, 2007), Página 38
520 _aEs uno de los pocos espacios que tiene Bogotá para promover bandas de blues y jazz por fuera de los grandes escenarios. Su director, César Álvarez, es un aficcionado al rock desde los años setenta. Desde hace una década Bogotá tiene un lugar para el blues y el jazz.
773 0 _tArcadia / Andrés Felipe Solano, Editor
942 _cANA
999 _c62199
_d62199